01275cam a22003614a 4500999001900000001000900019003000500028005001700033008004100050010001700091015001900108016001800127020002600145020002300171035002400194040003700218042002700255050002200282082002200304100002400326245010400350260005200454300004500506490003100551500000800582504005100590650004100641650003000682700002600712906004500738942001800783952011200801 c330544d33054416128836NUST20170719160410.0100310s2010 enka b 001 0 eng  a 2010291850 aGBA9A27482bnb7 a0153980752Uk a9781849730204 (cased) a1849730202 (cased) a(OCoLC)ocn458734513 aUKMcUKMdYDXCPdBWKUKdBWKdDLC aukblcatcopyalccopycat00aTK2960b.T59 201004a621.31244 TIW2221 aTiwari, G. N.9344110aFundamentals of photovoltaic modules and their applications /cGopal Nath Tiwari and Swapnil Dubey. aCambridge :bRoyal Society of Chemistry,c2010. axx, 402 p. :bill. (some col.) ;c24 cm.0 aRSC energy series ;vno. 2 aH.B aIncludes bibliographical references and index. 0aPhotovoltaic power generation.93442 0aPhotovoltaic cells.934431 aDubey, Swapnil.93444 a7bcbcccopycatd2encipf20gy-gencatlg 2ddccBKkIESE 00102ddc40708NFICaIESEbIESEcGENd2017-07-19l0o621.31244 TIWpIESE-2771r2017-07-19w2017-07-19yBK